LEADER 01185nam a2200241 i 4500 001 000000213200 003 CaOOAMICUS 005 20120516000000.0 008 120516s1746 it u000 u lat u 013 $a192055 026 $aadue s,V. a-i- veCa (3) 1746 (R) 040 $aSeMil$bita 245 10$aAlexandri Politi de cl. reg. scholarum piarum Orationes 12. ad Accademiam Pisanam. 260 $aLucae :$bEx Typographia Philippi MAriae Benedini,$c1746. 300 $aXX, 280 p. ;$c4º. 500 $aStemma papale calcogr. sul front. - Fregi xil. - Segn. : a4 b6 A-2M4. - Tarlature di varie dimensioni sulle prime e ultime c. 700 1 $aPoliti, Alessandro <1679-1752>.$0(OLS)http://semarc/name/75959 700 1 $aBenedini, Filippo Maria,$c.$0(OLS)http://semarc/name/75960 850 $aSeMil 852 $aSeMil$W1$xVenegono$y1$m1Y II 53 FA$j163630$B163630$CSeMilBibl$Z2$F174705 $8I 961 $aOmaggio: Seminario del Duomo 996 $6245$aAlexandri Politi de cl. reg. scholarum piarum Orationes 12. ad Accademiam Pisanam$9(OLS)http://semarc/title/307480 996 $6260$aLucae :$bEx Typographia Philippi MAriae Benedini$9(OLS)http://semarc/publisher/52742 LEADER 01232nam a2200217 i 4500 001 000000102949 003 CaOOAMICUS 005 20010912000000.0 008 010912s1968 it u000 u ita u 013 $a75107 040 $aSeMil$bita 245 10$aAlbo Nazionale :$bDecreti e provvedimenti di concessione e riconoscimento di gonfaloni, stemmi, predicati e titoli nobiliari a Forze Armate, città, comuni. enti, associazioni. Famiglie nobili dello Stato Italiano. 260 $aMilano :$b[s.n.],$c1968. 300 $a635 p., [68] c. di tav. :$briccamente ill. ;$c26 cm. 500 $aIl volume consta di due parti, Parte 1. e Parte 2., rilegate insieme. 650 4$aComuni - Araldica.$0(OLS)http://semarc/subject/18129 650 4$aNobili - Italia.$0(OLS)http://semarc/subject/11261 850 $aSeMil 852 $aSeMil$W1$xVenegono$y1$mSL1.H VIII 28$j59410$B59410$CSeMilBibl$Z2$F43901 $8I 996 $6245$aAlbo Nazionale :$bDecreti e provvedimenti di concessione e riconoscimento di gonfaloni, stemmi, predicati e titoli nobiliari a Forze Armate, città, comuni. enti, associazioni. Famiglie nobili dello Stato Italiano$9(OLS)http://semarc/title/149693 996 $6260$aMilano :$b[s.n.]$9(OLS)http://semarc/publisher/29709